| 000 | 00884cam a22002655a 4500 | ||
|---|---|---|---|
| 001 | L160188 | ||
| 008 | 181102s2002 xxk f 000 0 eng d | ||
| 020 | _a9780553814934 | ||
| 035 | _a(Sirsi) u160188 | ||
| 041 | 0 | _aeng | |
| 050 | 0 | 4 | _a920 MCG |
| 100 | 1 | _aMcGoogan, Ken | |
| 245 | 0 | 0 |
_aFatal passage _bThe untold story of Scotsman John Raw, the Arctic adventurer who discover the fate of Franklin |
| 260 |
_aLondon _bBantam Book _c2018 |
||
| 300 | _a214p ; 23 cm | ||
| 520 | _aTells the untold story of John Rae the Arctic Adventurer who discovered the fate of the doomed Franklin Exhibition and located the last navigable link in the Northwest Passage. | ||
| 590 | _aNTK | ||
| 650 | 2 | 4 | _aJOHN RAE |
| 650 | 2 | 4 | _aBIOGRAPHY |
| 650 | 2 | 4 | _aFRANKLIN EXHIBITION |
| 650 | 2 | 4 | _aARCTIC EXPLORERS |
| 651 | 4 | _aUnited Kingdom | |
| 690 |
_aHydrography _96245 |
||
| 942 |
_n0 _2ddc |
||
| 999 |
_c116267 _d116267 |
||